• 首页
  • 本馆介绍
  • 公告通知
  • 最新文献
  • 馆藏检索
  • 电子资源
  • 读者导购
  • 参考咨询
  • 我的图书馆
  • 登录
  • 详细信息显示
  • 放入我的书架
  • 预约/预借图书
  • 作者相关作品
  • 分类相关作品
  • 丛书相关作品
  • 出版社相关作品

书目信息

  • 表格格式
  • 工作单格式
  • 卡片格式
书名: Citizen politics in western democracies
作者: Russell J. Dalton.
分册号:
分册名:
出版地: Chatham, N.J. :
 
出版社: Chatham House Publishers
出版时间: c1988.
页数: xvi, 270 p. :
开本: 22 cm.
丛书名:
中图分类号:
科图分类号:
其他分类号: D502
主题词:
电子资源:
000 00985nam 2200277 a 45
001 E0734086828
005 20070428090327.17
008 980925s1988 njua b 00110 eng
010    @a 88002830
020    @a0-934540-44-6 :@cCNY15.00.
050 0  @aJF2011@b.D34 1988
082 0  @a323/.042 @2 19
090    @aD502
099    @dD502@ex11
100 10 @aDalton, Russell J.
245 10 @aCitizen politics in western democracies :@bpublic opinion and political parties in the United States, Great Britain, West Germany, and France / @cRussell J. Dalton.
260 0  @aChatham, N.J. :@bChatham House Publishers,@cc1988.
300    @axvi, 270 p. :@bill. ;@c22 cm.
504    @aIncludes bibliographical references (p. 249-261) and index.
650  0 @aPolitical parties.
650  0 @aPolitical participation.
650  0 @aComparative government.
650  0 @aPublic opinion.
650  0 @aDemocracy.
905    @anul98001452
920    @a232010@bD502/X1
    
    Citizen politics in western democracies : : public opinion and political parties in the United States, Great Britain, West Germany, and France / / Russell J. Dalton.-Chatham, N.J. : : Chatham House Publishers, , c1988.
    xvi, 270 p. : : ill. ; ; 22 cm.
    Includes bibliographical references (p. 249-261) and index.
    
    ISBN 0-934540-44-6 :CNY15.00.
    
●
相关链接 在E读中查询图书 在五车中查询图书 在当当中查询图书 在豆瓣中查询图书


正题名:Citizen politics in western democracies     索取号:D502/x11         预约/预借

序号 登录号 条形码 馆藏地/架位号 状态 备注
1 4376   300043762   第二样本阅览室/ [索取号:D502/x11] 在馆    
2 4377   300043771   第四借阅区/ [索取号:D502/x11] 在馆    
3 4378   300043780   第四借阅区/ [索取号:D502/x11] 在馆    
4 4379   300043799   密集书库/ [索取号:D502/x11] 在馆    
5 4380   300043806   密集书库/ [索取号:D502/x11] 在馆    
6 4381   300043815   密集书库/ [索取号:D502/x11] 在馆    
7 4382   300043824   密集书库/ [索取号:D502/x11] 在馆    
唐山师范学院图书馆 欢迎您!
大连网信软件有限公司© 版权所有